| 000 | 00951cam a22003017i 4500 | ||
|---|---|---|---|
| 999 |
_c7828 _d7828 |
||
| 001 | 991061052718806706 | ||
| 003 | OSt | ||
| 005 | 20231214163435.0 | ||
| 008 | 231117e202311 sp ||| 0acat d | ||
| 020 | _a9788429781489 | ||
| 035 | _a(OCoLC)1409785016 | ||
| 035 | _a(OCoLC)on1409785016 | ||
| 040 |
_aES-BaUAB _bcat _erda _cCDMR |
||
| 050 | 4 | _aN | |
| 100 | 1 | _aGiralt-Miracle, Daniel, | |
| 245 | 1 | 0 |
_aGuspires de memòria : _buna vida dedicada a l'art / _cDaniel Giralt-Miracle. |
| 264 | 1 |
_aBarcelona : _bEdicions 62, _c2023 |
|
| 300 |
_a325 pàgines., [16] fulls de làmines. : _bil·lustracions. ; _c24 cm |
||
| 490 | 1 | _aBiografies i memòries | |
| 504 | _aBibliografia | ||
| 600 | 1 | 7 | _aGiralt-Miracle, Daniel, |
| 650 | 7 |
_aCrítics d'art _zCatalunya _yS. XX _vBiografia _2lemac |
|
| 650 | 0 |
_aPeriodistes catalans _vBiografia _93139 |
|
| 830 | 0 | _aBiografies i memòries. | |
| 908 |
_aUAB _aBMON _aBAB |
||
| 940 | _aOCLC | ||
| 942 |
_2udc _cMON |
||